000 00364nam a2200133Ia 4500
003 GCL
008 140319s9999 xx 000 0 ara d
040 _aGCL /
_cGCL
082 0 4 _a150.1952
_bس ف
245 1 0 _aفرويد استاذى وصديقى
260 _a[S.N] :
_bالهيئة المصرية العامة للكتاب ،
_c1985
300 _a151
490 _a
999 _c28765
_d28765